MARC

LEADER 00000nam0a2200000 4500
001 92223
005 20231101213821.0
035 |a (RuTPU)RU\TPU\book\98825 
090 |a 92223 
100 |a 20060309d1957 k y0rusy50 ca 
101 0 |a rus 
102 |a RU 
105 |a a z 001zy 
200 1 |a Скелетные катализаторы, их свойства и применение в органической химии  |f Б. М. Богословский, З. С. Казакова 
210 |a Москва  |c Госхимиздат  |d 1957 
215 |a 143 с.  |c ил. 
320 |a Библиогр.: с. 133-144 
606 1 |a Катализаторы скелетные  |x Применение в органической химии  |2 stltpush  |3 (RuTPU)RU\TPU\subj\75602  |9 87302 
610 1 |a органическая химия 
610 1 |a свойства 
610 1 |a применение 
610 1 |a гидрирование 
610 1 |a дегидрирование 
610 1 |a окисление 
675 |a 547:544.47  |v 3 
700 1 |a Богословский  |b Б. М.  |g Борис Михайлович 
701 1 |a Казакова  |b З. С.  |g Зоя Семеновна 
801 1 |a RU  |b 63413507  |c 20060309  |g PSBO 
801 2 |a RU  |b 63413507  |c 20180428  |g PSBO 
942 |c BK